LDR 00876nam a2200217 i 4500 001 000000034199 003 CaOOAMICUS 005 20100622000000.0 008 100622s1977 it u000 u ita u 013 $a354 040 $aSeMil$bita 100 1 $aGirolamo : Emiliani
.$0(OLS)http://semarc/name/15642 245 10$aLettere morte, parole di vita /$ccommentario agli scritti di San Girolamo Emiliani a cura di Lorenzo Netto. 260 $aMilano :$bIPL,$c1977. 300 $a199 p., [8] c. di tav. ;$c22 cm. 650 4$aSpiritualità - Testi.$0(OLS)http://semarc/subject/1342 850 $aSeMil 852 $aSeMil$W1$xVenegono$y1$m3H IV 266$j354$B354$CSeMilBibl$Z2$F354 $81 961 $aOmaggio: Deposito 996 $6245$aLettere morte, parole di vita$9(OLS)http://semarc/title/46140 996 $6260$aMilano :$bIPL$9(OLS)http://semarc/publisher/30350